[Event "BIH-chT 29th"]
[Site "Bihac"]
[Date "2022.08.24"]
[Round "3.5"]
[White "Prastalo, Borislav"]
[Black "Zlobec, Srdjan"]
[Result "0-1"]
[WhiteElo "2297"]
[BlackElo "2130"]
[PlyCount "88"]
[EventDate "2022.08.23"]
[EventType "tourn"]
[EventRounds "9"]
[EventCountry "BIH"]
[SourceTitle "CBM 210 Extra"]
[Source "ChessBase"]
[SourceDate "2022.11.30"]
[SourceVersion "1"]
[SourceVersionDate "2022.11.30"]
[SourceQuality "1"]

1. e4 c6 2. d4 d5 3. Nc3 dxe4 4. Nxe4 Nf6 5. Nxf6+ exf6 6. Bc4 Bd6 7. Qe2+ Be7 8. Be3 0-0 9. 0-0-0 Bd6 10. Nf3 Nd7 11. Bb3 a5 12. c4 a4 13. Bc2 a3 14. b3 Re8 15. Qd2 Nf8 16. h3 Qe7 17. Qd3 Bb4 18. Bd2 Bxd2+ 19. Qxd2 Bd7 20. Rhe1 Qd6 21. Rxe8 Rxe8 22. Re1 Ra8 23. Be4 Be6 24. Rd1 Rc8 25. Ne1 b5 26. c5 Qd7 27. Nc2 Bd5 28. f3 f5 29. Bxd5 Qxd5 30. Nxa3 Ne6 31. Nc2 f4 32. Kb2 Rd8 33. Kc1 g6 34. Qe2 Qd7 35. Qe5 Qa7 36. a3 Rd5 37. Qe4 Qd7 38. b4 Qd8 39. Rd3 Qg5 40. Rd2 Qd8 41. Kb2 Qa8 42. Re2 Qd8 43. Kc3 Qa8 44. Qd3 Nxd4 0-1

[Event "BIH-chT 14th"]
[Site "Prijedor"]
[Date "2015.09.06"]
[Round "2.2"]
[White "Palac, Mladen"]
[Black "Prastalo, Borislav"]
[Result "1-0"]
[WhiteElo "2588"]
[BlackElo "2305"]
[PlyCount "46"]
[EventDate "2015.09.05"]
[EventType "team-tourn"]
[EventRounds "9"]
[EventCountry "BIH"]
[SourceTitle "EXT 2016"]
[Source "ChessBase"]
[SourceDate "2015.10.08"]
[SourceVersion "1"]
[SourceVersionDate "2015.10.08"]
[SourceQuality "1"]
[WhiteTeam "Siroki Brijeg"]
[BlackTeam "Banja Luka"]
[WhiteTeamCountry "BIH"]
[BlackTeamCountry "BIH"]

1. d4 d5 2. c4 e6 3. Nf3 Nf6 4. g3 Be7 5. Bg2 0-0 6. 0-0 Nbd7 7. Qc2 c6 8. Nbd2 b6 9. e4 Bb7 10. Rd1 Qc8 11. e5 Ne8 12. cxd5 cxd5 13. Qb1 a5 14. Nf1 Nb8 15. h4 Ba6 16. N1h2 Nc6 17. Ng4 g6 18. Bh6 Ng7 19. Nf6+ Kh8 20. Qc1 Be2 21. Rd2 Bxf3 22. Bxf3 Qc7 23. Rc2 Rac8 1-0

[Event "BIH-chT 11th"]
[Site "Jahorina"]
[Date "2012.06.07"]
[Round "6.3"]
[White "Loncarevic, Slobodan"]
[Black "Prastalo, Borislav"]
[Result "0-1"]
[WhiteElo "2227"]
[BlackElo "2314"]
[PlyCount "77"]
[EventDate "2012.06.02"]
[EventType "team-tourn"]
[EventRounds "9"]
[EventCountry "BIH"]
[SourceTitle "CBM 148 Extra"]
[Source "ChessBase"]
[SourceDate "2012.06.22"]
[SourceVersion "1"]
[SourceVersionDate "2012.06.22"]
[SourceQuality "1"]
[WhiteTeam "Vitez"]
[BlackTeam "Prijedor Rudar"]
[WhiteTeamCountry "BIH"]
[BlackTeamCountry "BIH"]

1. c4 e5 2. Nc3 Nf6 3. Nf3 Nc6 4. g3 d5 5. cxd5 Nxd5 6. d3 Be7 7. Bg2 Nb6 8. 0-0 0-0 9. a3 a5 10. Be3 Be6 11. Rc1 f6 12. Nd2 Nd5 13. Nxd5 Bxd5 14. Ne4 Rf7 15. Qc2 f5 16. Nc5 Bxg2 17. Kxg2 Bxc5 18. Bxc5 Qd5+ 19. f3 Nd4 20. Qc4 Qxc4 21. Rxc4 Ne6 22. Bf2 Rd7 23. Rfc1 Kf7 24. Be1 c6 25. h4 Nd4 26. Kf2 g6 27. e3 Nb3 28. Rd1 a4 29. Bc3 Ke6 30. Ke2 c5 31. Be1 b5 32. Rc3 Rad8 33. Rb1 h6 34. Bf2 e4 35. fxe4 fxe4 36. d4 h5 37. Rf1 Rf8 38. Rc2 cxd4 39. exd4 0-1

[Event "Srpska Republic-chT 1st League"]
[Site "Banja Vrucica"]
[Date "2011.08.08"]
[Round "3"]
[White "Markovic, Dusan M"]
[Black "Prastalo, Borislav"]
[Result "0-1"]
[WhiteElo "2049"]
[BlackElo "2317"]
[PlyCount "84"]
[EventDate "2011.08.06"]
[EventType "team-tourn"]
[EventRounds "9"]
[EventCountry "BIH"]
[SourceTitle "EXT 2019"]
[Source "ChessBase"]
[SourceDate "2018.10.10"]
[SourceVersion "1"]
[SourceVersionDate "2018.10.10"]
[SourceQuality "1"]

1. e4 d6 2. d4 g6 3. Bc4 Bg7 4. Ne2 Nc6 5. a3 Nf6 6. Nbc3 Nxe4 7. Bxf7+ Kxf7 8. Nxe4 Rf8 9. h4 d5 10. Ng5+ Kg8 11. h5 h6 12. Nh3 g5 13. Be3 e5 14. c3 e4 15. Qb3 Na5 16. Qc2 Nc4 17. Bc1 Be6 18. b3 Nd6 19. Ng3 b5 20. Be3 a5 21. Rc1 a4 22. b4 Nc4 23. Ra1 Qd6 24. Qe2 g4 25. Ng1 Rf7 26. Ra2 Raf8 27. Nf1 Qe7 28. Qd1 Kh7 29. Qc1 Qd6 30. Ng3 Nxe3 31. Qxe3 Bf6 32. N3e2 Bg5 33. Qg3 Rxf2 34. Qxf2 Rxf2 35. Kxf2 Qf8+ 36. Ke1 Be3 37. Ng3 Qf4 38. Nf1 Bxg1 39. Rxg1 g3 40. Rd2 Bg4 41. Rh1 e3 42. Rb2 e2 0-1

[Event "BIH-chT2"]
[Site "Neum"]
[Date "2008.08.26"]
[Round "5.5"]
[White "Prastalo, Borislav"]
[Black "Salkic, Fikret"]
[Result "1/2-1/2"]
[WhiteElo "2320"]
[BlackElo "2120"]
[PlyCount "106"]
[EventDate "2008.08.23"]
[EventType "team"]
[EventRounds "9"]
[EventCountry "BIH"]
[SourceTitle "CBM 126 Extra"]
[Source "ChessBase"]
[SourceDate "2008.11.05"]
[SourceVersion "1"]
[SourceVersionDate "2008.11.05"]
[SourceQuality "1"]

1. e4 c5 2. Nc3 Nc6 3. Nge2 g6 4. d3 Bg7 5. Be3 d6 6. Qd2 Rb8 7. d4 cxd4 8. Nxd4 Nf6 9. h3 0-0 10. 0-0-0 Nxd4 11. Bxd4 Qa5 12. Kb1 Kh8 13. g4 Be6 14. b3 Rfc8 15. f4 Bxb3 16. axb3 e5 17. Nb5 Qxd2 18. Rxd2 exd4 19. Nxd6 Rc7 20. e5 Ne8 21. Rxd4 Nxd6 22. Rxd6 g5 23. fxg5 Bxe5 24. Rd5 Bc3 25. Bc4 a6 26. Rd3 Be5 27. Rf3 b5 28. Bxf7 b4 29. Rf5 Bc3 30. Bc4 Re7 31. Rhf1 Kg7 32. Rf7+ Rxf7 33. Rxf7+ Kg6 34. h4 Re8 35. Rf1 Re1+ 36. Rxe1 Bxe1 37. Bd3+ Kg7 38. h5 Bd2 39. g6 hxg6 40. Bxg6 Kh6 41. Kb2 a5 42. Bf5 Kg5 43. Kb1 Kh6 44. c4 bxc3 45. Kc2 Kg5 46. Kd3 Be1 47. Ke2 Bd2 48. Kf3 Be1 49. Bc2 Bd2 50. Bd1 Be1 51. h6 Kxh6 52. Kf4 Bd2+ 53. Kf5 Bc1 1/2-1/2

[Event "BIH-chT"]
[Site "Neum"]
[Date "2000.??.??"]
[Round "6"]
[White "Boric, Muhamed"]
[Black "Prastalo, Borislav"]
[Result "1-0"]
[WhiteElo "2398"]
[BlackElo "2289"]
[PlyCount "55"]
[EventDate "2000.08.25"]
[EventType "team"]
[EventRounds "9"]
[EventCountry "BIH"]
[SourceTitle "EXT 2006"]
[Source "ChessBase"]
[SourceDate "2005.11.24"]
[SourceVersion "1"]
[SourceVersionDate "2005.11.24"]
[SourceQuality "1"]

1. d4 d6 2. e4 g6 3. c3 Bg7 4. Nf3 Nh6 5. Bc4 c6 6. Bb3 0-0 7. Bg5 d5 8. Nbd2 Na6 9. 0-0 Nc7 10. Re1 f6 11. Bf4 e6 12. c4 dxc4 13. Nxc4 Nf7 14. Rc1 Bh6 15. Bxh6 Nxh6 16. Ne3 Kg7 17. Qc2 Nf7 18. d5 exd5 19. exd5 Nxd5 20. Nxd5 cxd5 21. Qc7 Re8 22. Rxe8 Qxe8 23. Re1 Qd7 24. Re7 Qxc7 25. Rxc7 Bf5 26. Bxd5 Rd8 27. Rxf7+ Kh6 28. Bb3 1-0

[Event "Srbia-chT"]
[Site "Jahorina"]
[Date "2000.??.??"]
[Round "?"]
[White "Prastalo, Borislav"]
[Black "Mrsevic, Miroslav"]
[Result "1-0"]
[WhiteElo "2289"]
[BlackElo "2333"]
[PlyCount "63"]
[EventDate "2000.??.??"]
[EventType "team"]
[EventRounds "8"]
[EventCountry "YUG"]
[SourceTitle "EXT 2001"]
[Source "ChessBase"]
[SourceDate "2000.11.22"]
[SourceVersion "1"]
[SourceVersionDate "2000.11.22"]
[SourceQuality "1"]

1. e4 d6 2. d4 Nf6 3. Nc3 Nbd7 4. Be3 e5 5. f3 c6 6. Qd2 Be7 7. Nge2 0-0 8. g4 b5 9. Ng3 exd4 10. Bxd4 b4 11. Nd1 d5 12. g5 Ne8 13. exd5 cxd5 14. f4 Nd6 15. Ne3 Re8 16. 0-0-0 Qa5 17. Kb1 Nb6 18. b3 Bf8 19. Bb2 Bb7 20. Rg1 Qc5 21. Bd4 Qc7 22. Nef5 Rac8 23. Nxd6 Bxd6 24. Nh5 Re4 25. Bxg7 Bxf4 26. Qg2 d4 27. Bd3 Nd5 28. Qh3 Be5 29. Bxe5 Qxe5 30. Nf6+ Nxf6 31. gxf6+ Kf8 32. Bxe4 1-0